| 000 | 00790cam a2200253 a 4500 | ||
|---|---|---|---|
| 001 | 2553109 | ||
| 005 | 20171226041620.0 | ||
| 008 | 940916s1995 iaua 001 0 eng | ||
| 010 | _a 94209441 | ||
| 020 | _a0697229254 (paper) | ||
| 020 | _a0697160440 (case) | ||
| 020 | _a0697160459 (instructor's manual) | ||
| 040 |
_aDLC _cDLC _dDLC |
||
| 041 | _aeng | ||
| 080 | _a612 | ||
| 082 | 0 | 0 |
_a612 HOL _220 |
| 100 | 1 | _a6 | |
| 101 | _aANA | ||
| 245 | 1 | 0 |
_aEssentials of human anatomy & physiology / _cJohn W. Hole, Jr. |
| 740 | 0 | _aEssentials of human anatomy and physiology. | |
| 906 |
_a7 _bcbc _corignew _d3 _encip _f19 _gy-gencatlg |
||
| 942 |
_2ddc _cBK |
||
| 999 |
_c39384 _d39384 |
||